Estatísticas para Nauru

Clique aqui para jogar o quiz

Estatísticas Gerais

  • Esse quiz foi jogado 7 vezes
  • A pontuação média é 4 de 8

Estatísticas das Respostas

HintResposta% Correto
Onde fica?Oceania
100%
Qual é o seu código ISO?NRU
83%
Qual é a sua religião?Cristianismo
67%
Qual é o desporto mais popular?Futebol
67%
Qual é o seu tipo de clima?Equatorial
33%
Qual é o seu idioma?Nauruano
33%
Qual é a sua moeda?Dólar australiano
17%
Qual é a sua capital?Iarém
0%

Distribuição das Pontuações

Percentil de Números Respondidos

Porcentagem de Pessoas com Cada Pontuação

Sua Pontuação Histórica

Você não jogou esse quiz